Online
Catalog

Código de ética institucional. / (Record no. 52457)

MARC details
000 -CABECERA
campo de control de longitud fija 01552nam a2200253 a 4500
003 - IDENTIFICADOR DEL NÚMERO DE CONTROL
campo de control DO-SdBNP
005 - FECHA Y HORA DE LA ÚLTIMA TRANSACCIÓN
campo de control 20260505103257.0
007 - CAMPO FIJO DE DESCRIPCIÓN FÍSICA--INFORMACIÓN GENERAL
campo de control de longitud fija ta
008 - DATOS DE LONGITUD FIJA--INFORMACIÓN GENERAL
campo de control de longitud fija 220923e2019 dr |||fr||||o001 0 spa d
040 ## - FUENTE DE LA CATALOGACIÓN
Centro catalogador/agencia de origen DO-SdBNP
Lengua de catalogación spa
Centro/agencia transcriptor BNPHU
082 #4 - NÚMERO DE LA CLASIFICACIÓN DECIMAL DEWEY
Número de edición 22
Número de documento/Ítem T348c
110 2# - ENTRADA PRINCIPAL--NOMBRE DE ENTIDAD CORPORATIVA
9 (RLIN) 59902
Nombre de entidad corporativa o nombre de jurisdicción como elemento de entrada Teatro Nacional (República Dominicana)
245 10 - MENCIÓN DE TÍTULO
Título Código de ética institucional. /
Mención de responsabilidad, etc. Presentación, Erasmo A. Cáfaro
260 ## - PUBLICACIÓN, DISTRIBUCIÓN, ETC.
Lugar de publicación, distribución, etc. Santo Domingo :
Nombre del editor, distribuidor, etc. Comisión de Ética Pública del Teatro Nacional,
Fecha de publicación, distribución, etc. 2019
300 ## - DESCRIPCIÓN FÍSICA
Extensión [27] ;
Dimensiones 27 cm.
505 ## - NOTA DE CONTENIDO CON FORMATO
Nota de contenido con formato Presentación.
Título Introducción.--
-- Antecedentes.--
-- Objetivo del Código de Ética.--
-- Definiciones y alcances.--
-- Misión - Visión - Valores.--
-- Servicio de Calidad.--
-- Responsabilidad.--
-- Transparencia.--
-- Otros valores.--
-- Lealtad y Compromiso.--
-- Trabajo en equipo y respeto.--
-- Honestidad.--
-- Funciones de la Comisión de Ética.--
-- Honestidad.--
-- Funciones de la Comisión de Ética.--
-- Nuestros compromisos como colaboradores del Teatro Nacional Eduardo Brito.--
-- Lineamientos y Deberes Éticos.--
-- Lineamientos Éticos.--
-- Sistema de Consecuencias.--
-- Consultas y Denuncias.--
-- Proceso disciplinario de los funcionarios.--
-- Certificación de Conocimiento y cumplimiento.--
-- Visto.--
-- Conclusión.
590 ## - NOTA LOCAL (RLIN)
Nota local Inventariado 2022 / MF
650 #4 - PUNTO DE ACCESO ADICIONAL DE MATERIA--TÉRMINO DE MATERIA
Término de materia o nombre geográfico como elemento de entrada Instituciones públicas
Subdivisión general Ética
9 (RLIN) 31117
650 #4 - PUNTO DE ACCESO ADICIONAL DE MATERIA--TÉRMINO DE MATERIA
Término de materia o nombre geográfico como elemento de entrada Administración Pública
Subdivisión general Legislación
Subdivisión geográfica República Dominicana
9 (RLIN) 19963
650 #0 - PUNTO DE ACCESO ADICIONAL DE MATERIA--TÉRMINO DE MATERIA
Término de materia o nombre geográfico como elemento de entrada Funcionarios públicos
9 (RLIN) 31118
700 ## - PUNTO DE ACCESO ADICIONAL--NOMBRE DE PERSONA
Nombre de persona Cáfaro, Erasmo A.
Término indicativo de función/relación present.
9 (RLIN) 82429
910 ## - DATOS DE OPCIÓN DEL USUARIO (OCLC)
Datos de opción del usuario MFeliz
942 ## - ELEMENTOS DE PUNTO DE ACCESO ADICIONAL (KOHA)
Fuente del sistema de clasificación o colocación Dewey Decimal Classification
Tipo de ítem Koha Folleto
Holdings
Estado de retiro Estado de pérdida Fuente del sistema de clasificación o colocación Restricciones de uso No para préstamo Código de colección Localización permanente Ubicación/localización actual Ubicación en estantería Fecha de adquisición Fuente de adquisición Total de préstamos Signatura topográfica completa Código de barras Fecha visto por última vez Precio válido a partir de Tipo de ítem Koha
    Dewey Decimal Classification Excluido de préstamo   Patrimonio Dominicano Biblioteca Nacional Pedro Henríquez Ureña Biblioteca Nacional Pedro Henríquez Ureña En catalogación 18.10.2019 Depósito legal / Editora Búho   T348c 2022-4058 23.09.2022 23.09.2022 Folleto

Powered by Koha